ბათუმის შოთა რუსთაველის სახელმწიფო უნივერსიტეტის ბიბლიოთეკა

ქართული ლიტერატურის სწავლების მეთოდიკა : (ბიბ.ჩანაწერი № 55833)

000 -ლიდერი
ფიქსირებული სიგრძის საკონტროლო ველი 01067nam a2200229Ia 4500
001 - საკონტროლო ნომერი
საკონტროლო ველი 22930
003 - საკონტროლო ნომრის იდენტიფიკატორი
საკონტროლო ველი GE_BSU
005 - ბოლო ოპერაციის თარიღი და დრო
საკონტროლო ველი 20230601170728.0
008 - ფიქსირებული სიგრძის მონაცემთა ელემენტები - ზოგადი ინფორმაცია
ფიქსირებული სიგრძის საკონტროლო ველი 181216s ||||ge |||||||||||||| ||geo||
040 ## - კატალოგიზაციის წყარო
Transcribing agency GE_BSU
041 ## - ენის კოდი
Language code of text/sound track or separate title geo
080 ## - უნივერსალური ათობითი კლასიფიკაციის ინდექსი
Universal Decimal Classification number 821.353.1(072) თ-77
100 ## - მთავარი ჩანაწერი - პიროვნების სახელი
Personal name თოფურია, აკაკი
9 (RLIN) 18401
245 ## - ცნობა სათაურის შესახებ
Title ქართული ლიტერატურის სწავლების მეთოდიკა :
Remainder of title (ზოგადი საფუძვლები) /
Statement of responsibility, etc აკაკი თოფურია ; რედ. მ. გიორგობიანი.
264 ## - წარმოების, გამოცემის, დისტრიბუციის და სხვა ცნობები
გამოცემის, წარმოების, დისტრიბუციის... ადგილი თბილისი :
გამოცემის, წარმოების, დისტრიბუციის... სახელწოდება თბილ. უნ-ტის გამ-ბა,
გამოცემის, წარმოების, დისტრიბუციის... თარიღი 1991.
300 ## - ფიზიკური აღწერა
Extent 448 გვ. ;
Dimensions 20 სმ.
653 ## - INDEX TERM--UNCONTROLLED
Uncontrolled term ქართული ლიტერატურა
653 ## - INDEX TERM--UNCONTROLLED
Uncontrolled term ქართული ლიტერატურის სწავლების მეთოდიკა
700 ## - ADDED ENTRY--PERSONAL NAME
Personal name გიორგობიანი, მ.
Relator term რედაქტორი
9 (RLIN) 18402
942 ## - ADDED ENTRY ELEMENTS (KOHA)
Koha item type წიგნი
Source of classification or shelving scheme
ეგზემპლარები
ჩამოწერის სტატუსი დაკარგული ეგზემპლარის სტატუსი კლასიფიკაციის წყარო ან თაროზე გაწყობის სქემა დაზიანების სტატუსი არ გაიცემა მუდმივი მდებარეობა (დაცვის ადგილი) ამჟამინდელი ადგილსამყოფელი თაროზე განთავსების ადგილი შეძენის თარიღი ღირებულება, შესყიდვის ნორმალური ფასი სრული შენახვის შიფრი შტრიხკოდი ბოლო ოპერაციის თარიღი ეგზემპლარის მიმდევრობითი ნომერი (კეტერი?) ფასის ძალაში შესვლის თარიღი ეგზემპლარის სახეობა საჯარო შენიშვნა
          ბათუმის შოთა რუსთაველის სახელმწიფო უნივერსიტეტის მთავარი ბიბლიოთეკა ბათუმის შოთა რუსთაველის სახელმწიფო უნივერსიტეტის მთავარი ბიბლიოთეკა წიგნსაცავი 2018-12-17 20.00 821.353.1(072) თ-77 58356 2018-12-17 58356 2018-12-17 წიგნი 20.00 ₾.